| 000 | 00456cam a22001217a 4500 | ||
|---|---|---|---|
| 008 | 180718b xxu||||| |||| 00| 0 eng d | ||
| 082 | _aT123x42 Un3/1959 | ||
| 245 |
_aMethod of construction and calculation of the index of retail prices _cby Ministry of Labour and National Service |
||
| 260 |
_aLondon _bHer Majesty's Stationery Office _c |
||
| 300 | _av.p. | ||
| 500 | _aContents: Library has 1959, 1964 | ||
| 700 | _aU.K. Ministry of Labour and National Service | ||
| 999 |
_c421276 _d421276 |
||